W drodze ku dorosłości - wyzwania i szanse dla procesu edukacji i rehabilitacji osób z niepełnosprawnośią Tom drugi Materiały pokonferencyjne
| Corporate Author: | |
|---|---|
| Format: | Conference Proceeding Book |
| Language: | Polish English Slovak |
| PhysicalDescription: | 139 s. fareb. fotogr., tab. 25 cm |
| Published: |
Ružomberok
Verbum Katolícka univerzita
2015
|
| ISBN: | 9788056102350 (brož.) |
| Series: | Specjalne potrzeby edukacyjne
|
| Subjects: |
MARC
| LEADER | 00000nam a2200000 a 4500 | ||
|---|---|---|---|
| 001 | vtls010692340 | ||
| 003 | SK-MaSNL | ||
| 005 | 20260301091106.0 | ||
| 008 | 160430s2015 xo oa f n 100 0 pol | ||
| 015 | |a SNBA2015/07 | ||
| 020 | |a 9788056102350 (brož.) | ||
| 035 | |a 5D73C22A-AD68-4D7B-A0C1-7638097F8D44 | ||
| 035 | |a urn:nbn:sk:snk-amk0bc | ||
| 035 | |a urn:nbn:sk:snk-am0087x2 | ||
| 040 | |a SNK |b slo |c SNK |e AACR2 | ||
| 041 | 0 | |a pol |a eng |a slo |b eng |b pol | |
| 044 | |a xo |c SK | ||
| 072 | 7 | |a 376 |x Výchova a vzdelávanie zvláštnych skupín osôb |2 konspekt | |
| 080 | |a 376 |2 2001 | ||
| 080 | |a 37.0 |2 2001 | ||
| 080 | |a 316.344.6-056.26/.3 |2 2001 | ||
| 080 | |a (062.534) |2 2001 | ||
| 111 | 2 | |a W drodze ku dorosłości - wyzwania i szanse dla procesu edukacji i rehabilitacji osób z niepełnosprawnośią |n 9. : |d 2014 : |d Ustroń, Poľsko) |9 419842 | |
| 245 | 1 | 0 | |a W drodze ku dorosłości - wyzwania i szanse dla procesu edukacji i rehabilitacji osób z niepełnosprawnośią |n Tom drugi |p Materiały pokonferencyjne |c praca zbiorowa pod redakcją Iwony Wendreńskiej i Agnieszki Lewko |
| 246 | 3 | 0 | |a Materiały pokonferencyjne |
| 260 | |a Ružomberok |b Verbum |b Katolícka univerzita |c 2015 | ||
| 300 | |a 139 s. |b fareb. fotogr., tab. |c 25 cm | ||
| 490 | 1 | |a Specjalne potrzeby edukacyjne | |
| 504 | |a Bibliogr. odkazy | ||
| 546 | |a Text aj v slov. a angl. ; res. angl. a poľ. | ||
| 650 | 0 | 7 | |a špeciálna pedagogika |2 SNKPH |9 958 |
| 650 | 0 | 7 | |a výchova a vzdelávanie |2 SNKPH |9 1684 |
| 650 | 0 | 7 | |a zdravotne postihnuté osoby |2 SNKPH |9 1249 |
| 650 | 0 | 7 | |a Special education |2 SNKPHeng |9 266101 |
| 650 | 0 | 7 | |a Education |2 SNKPHeng |9 265320 |
| 650 | 0 | 7 | |a Handicapped persons |2 SNKPHeng |9 268369 |
| 655 | 7 | |a zborníky konferencií |2 SNKPH |9 70153 | |
| 655 | 7 | |a Proceedings of conferences |2 SNKPHeng |9 265791 | |
| 700 | 1 | |a Wendreńska, Iwona |4 red |9 417862 | |
| 700 | 1 | |a Lewko, Agnieszka |4 red |9 419843 | |
| 830 | 0 | |a Specjalne potrzeby edukacyjne |9 419844 | |
| 919 | |a 978-80-561-0235-0 | ||
| 958 | |a NB | ||
| 999 | |c 670113 |d 672043 | ||
| 952 | |a SNK |b SNK |y PREZ |7 0 |p 17A1168265 |o snkSB 88564/2 |i snk2015/21557 |8 0 |0 0 |1 0 |4 0 |d 2015-07-14 |f 1 |l 0 |r 2025-05-13 00:00:00 |w 2026-02-23 | ||
| 952 | |a SNK |b SNK |y VYP |7 0 |p 17A1168266 |o snkSB 88564/2 D1 |i snk2015/21558 |8 0 |0 0 |1 0 |4 0 |d 2015-07-14 |l 0 |r 2026-02-23 19:23:49 |w 2026-02-23 | ||


